|
|
|
|
| LEADER |
00000nas1a2200000 4500 |
| 001 |
380094 |
| 005 |
20231101062639.0 |
| 035 |
|
|
|a (RuTPU)RU\TPU\prd\711
|
| 035 |
|
|
|a BOOK00000712
|
| 090 |
|
|
|a 380094
|
| 100 |
|
|
|a 20011210b1929 k y0rusy50 ca
|
| 101 |
0 |
|
|a rus
|
| 102 |
|
|
|a RU
|
| 110 |
|
|
|a afaz uu0
|
| 200 |
1 |
|
|a Золотая промышленность
|e производственно-экономический и научно-технический журнал
|
| 210 |
|
|
|a Москва
|c Металлургиздат
|d 1939-1940
|
| 305 |
|
|
|a Издается с 1929 г.
|
| 326 |
|
|
|a 12 номеров в год
|
| 430 |
|
1 |
|0 (RuTPU)RU\TPU\prd\988
|t Советская золотопромышленность
|o научно-технический и производственно-экономический журнал
|c Москва
|n ОНТИ НКТП
|d 1932-1938
|
| 610 |
1 |
|
|a золото
|
| 610 |
1 |
|
|a золоторудные месторождения
|
| 610 |
1 |
|
|a золотопромышленность
|
| 675 |
|
|
|a 622.342
|v 3
|
| 801 |
|
0 |
|a RU
|b 63413507
|c 20011210
|g PSBO
|
| 801 |
|
2 |
|a RU
|b 63413507
|c 20140414
|g PSBO
|
| 942 |
|
|
|c CR
|